000 00383 a2200157 4500
001 64305
020 _a852621733X
040 _cAnchieta - Pituba
100 _aÍndigo
240 1 0 _aO Rei Artur e os cavaleiros da távola redonda
_lpor
245 1 0 _aO Rei Artur e os cavaleiros da távola redonda
300 _a80
362 0 _a1993
650 4 _aLiteratura juvenil
942 _cBK
999 _c64305
_d64305